000 00925nam a2200217 i 4500
001 161189
003 ES-MaACL
005 20230906212218.0
008 950509m18051819sp af |||| | spa d
040 _aEUS
_bspa
_cEUS
100 1 _aOvidio Nasón, Publio.
_988013
245 1 0 _aMetamorfóseos ó Transformaciones de Ovidio /
_ctraducidos al castellano, con algunas notas para su inteligencia, por Francisco Crivell ; [ilustraciones Jose Asensio].
250 _aNueva ed.
260 _aMadrid :
_bImprenta Real,
_c1805-1819.
300 _a4 v. :
_bil. ;
_c21 cm.
597 1 _aVol. I (XXIV, 169 p., 2-48 h. de láms.) -- Vol. II (218 p., 49-81 h. de láms.) -- Vol.III (230 p., 82-118 h. de láms.) -- Vol. IV ( 232 p. 119-140 h. de láms.)
700 0 _aCrivell, Francisco.
_941651
700 1 _aAsensio, Josef.
_9146728
852 _aES-MaACL
_jR-3180-83
_xOlim:G-9154-7
_z-- Enc. hol.
999 _c161189
_d161189